000
00234nmm a2200085Ia 4500
008
220120s9999||||xx |||||||||||||||||und||
100
_a
PCQ
245
0
_a
Seo tools, 3 linux destros, applications for blackberry and
260
_a
Infomedia18
999
_c
139741
_d
139741